Brock: Biología de los microorganismos

Сохранить в:
Библиографические подробности
Главный автор: Madigan, Michael T. (autor)
Другие авторы: Martinko, John M, Dunlap, Paul V, Clark, David P
Формат:
Язык:испанский
Опубликовано: Madrid Pearson Educación 2009
Редактирование:Décimo segunda edición
Предметы:
Метки: Добавить метку
Нет меток, Требуется 1-ая метка записи!

MARC

LEADER 00000cam a2200000 a 4500
001 UCG0857
003 CL-VaPUC
005 20240910092200.0
008 100408e20090000SP |||||||||||||||||spa|d
999 |c 340375  |d 340373 
020 |a 9788478290970 
040 |c Pontificia Universidad Católica de Valparaíso 
082 0 4 |a 576 MAD 2009  |2 21 
100 |a Madigan, Michael T.  |e autor  |9 611992 
245 1 0 |a Brock: Biología de los microorganismos 
250 |a Décimo segunda edición 
260 |a Madrid  |b Pearson Educación  |c 2009 
300 |a 1259 páginas 
583 |a last modification  |c 20131230 05:37:24  |k Rodrigo Vera 
650 0 |a Microbiología  |x Biología celular  |9 341055 
650 0 |a Virología  |9 259561 
650 0 |a Biotecnología  |9 263020 
650 0 |a Metabolismo microbiano  |9 326609 
650 0 |a Inmunología   |x Epidemiología   |9 891188 
700 0 |a Martinko, John M  |9 548505 
700 0 |a Dunlap, Paul V  |9 548506 
700 0 |a Clark, David P  |9 548507 
942 |c BK  |2 ddc  |n 0 
945 |d 20100408 00:00:00  |a dcastane 
952 |0 0  |1 0  |2 ddc  |4 0  |6 576_000000000000000_MAD_2009  |7 0  |8 A  |9 435027  |a BIBING  |b BIBING  |d 2019-11-22  |i 4660048  |o 576 MAD 2009  |p 4660048  |r 2025-01-20  |t 10  |w 2019-11-22  |y BK  |k EIB 
952 |0 0  |1 0  |2 ddc  |4 0  |6 576_000000000000000_MAD_2009  |7 0  |8 A  |9 435028  |a BIBCUR  |b BIBCUR  |d 2019-11-22  |i 4841166  |l 3  |o 576 MAD 2009  |p 4841166  |r 2025-04-22  |s 2024-09-11  |t 1  |w 2019-11-22  |y BK  |k BIO 
952 |0 0  |1 0  |2 ddc  |4 0  |6 576_000000000000000_MAD_2009  |7 0  |8 A  |9 435030  |a BIBCUR  |b BIBCUR  |d 2019-11-22  |i 484484K  |l 1  |o 576 MAD 2009  |p 484484K  |r 2025-04-22  |s 2022-05-04  |t 3  |w 2019-11-22  |y BK  |k BIO 
952 |0 0  |1 0  |2 ddc  |4 0  |6 576_000000000000000_MAD_2009  |7 0  |8 A  |9 435031  |a BIBCUR  |b BIBCUR  |d 2019-11-22  |i 4844858  |l 2  |o 576 MAD 2009  |p 4844858  |r 2025-04-22  |s 2023-10-18  |t 4  |w 2019-11-22  |y BK  |k BIO 
952 |0 0  |1 0  |2 ddc  |3 erb  |4 0  |6 576_000000000000000_MAD_2009  |7 0  |8 R  |9 435032  |a BIBAGR  |b BIBAGR  |i 507343K  |l 3  |o 576 MAD 2009  |p 507343K  |r 2025-05-05  |s 2025-05-02  |t 11  |w 2019-11-22  |y BK_R  |z Catalogado en:20140519  |k AGR 
952 |0 0  |1 0  |2 ddc  |3 erb  |4 0  |6 576_000000000000000_MAD_2009  |7 0  |8 R  |9 435033  |a BIBAGR  |b BIBAGR  |i 5073448  |l 1  |o 576 MAD 2009  |p 5073448  |r 2025-04-03  |s 2025-04-01  |t 12  |w 2019-11-22  |y BK_R  |z Catalogado en:20140519  |k AGR 
952 |0 0  |1 0  |2 ddc  |3 erb  |4 0  |6 576_000000000000000_MAD_2009  |7 0  |8 R  |9 435034  |a BIBAGR  |b BIBAGR  |i 5073456  |l 1  |o 576 MAD 2009  |p 5073456  |r 2025-01-20  |s 2023-03-14  |t 13  |w 2019-11-22  |y BK_R  |z Catalogado en:20140519  |k AGR 
952 |0 0  |1 0  |2 ddc  |3 erb  |4 0  |6 576_000000000000000_MAD_2009  |7 0  |8 R  |9 435035  |a BIBAGR  |b BIBAGR  |i 5073464  |l 3  |o 576 MAD 2009  |p 5073464  |q 2025-05-12  |r 2025-05-09  |s 2025-05-09  |t 14  |w 2019-11-22  |y BK_R  |z Catalogado en:20140519  |k AGR 
952 |0 0  |1 0  |2 ddc  |3 erb  |4 0  |6 576_000000000000000_MAD_2009  |7 0  |8 R  |9 435036  |a BIBAGR  |b BIBAGR  |i 5073472  |l 3  |o 576 MAD 2009  |p 5073472  |r 2025-04-21  |s 2025-04-17  |t 15  |w 2019-11-22  |y BK_R  |z Catalogado en:20140519  |k AGR 
952 |0 0  |1 0  |2 ddc  |3 erb  |4 0  |6 576_000000000000000_MAD_2009  |7 0  |8 R  |9 435037  |a BIBAGR  |b BIBAGR  |i 5073480  |o 576 MAD 2009  |p 5073480  |r 2025-01-20  |t 16  |w 2019-11-22  |y BK_R  |z Catalogado en:20140519  |k AGR 
952 |0 0  |1 0  |2 ddc  |3 erb  |4 0  |6 576_000000000000000_MAD_2009  |7 0  |8 R  |9 435038  |a BIBAGR  |b BIBAGR  |i 5073499  |l 4  |o 576 MAD 2009  |p 5073499  |r 2025-04-08  |s 2025-04-07  |t 17  |w 2019-11-22  |y BK_R  |z Catalogado en:20140519  |k AGR 
952 |0 0  |1 0  |2 ddc  |3 erb  |4 0  |6 576_000000000000000_MAD_2009  |7 0  |8 R  |9 435039  |a BIBAGR  |b BIBAGR  |i 5073502  |o 576 MAD 2009  |p 5073502  |r 2025-01-20  |t 18  |w 2019-11-22  |y BK_R  |z Catalogado en:20140519  |k AGR 
952 |0 0  |1 0  |2 ddc  |3 erb  |4 0  |6 576_000000000000000_MAD_2009  |7 0  |8 R  |9 435040  |a BIBAGR  |b BIBAGR  |i 5073510  |l 3  |o 576 MAD 2009  |p 5073510  |r 2025-04-08  |s 2025-04-04  |t 19  |w 2019-11-22  |y BK_R  |z Catalogado en:20140519  |k AGR 
952 |0 0  |1 0  |2 ddc  |3 erb  |4 0  |6 576_000000000000000_MAD_2009  |7 0  |8 R  |9 435041  |a BIBAGR  |b BIBAGR  |i 5073529  |o 576 MAD 2009  |p 5073529  |r 2025-01-20  |t 20  |w 2019-11-22  |y BK_R  |z Catalogado en:20140519  |k AGR 
952 |0 0  |1 0  |2 ddc  |3 erb  |4 0  |6 576_000000000000000_MAD_2009  |7 0  |8 A  |9 435042  |a BIBCUR  |b BIBCUR  |i 5262526  |l 6  |m 5  |o 576 MAD 2009  |p 5262526  |r 2025-04-22  |s 2024-06-03  |t 5  |w 2019-11-22  |y BK  |z Catalogado en:20160114  |k BIO 
952 |0 0  |1 0  |2 ddc  |3 erb  |4 0  |6 576_000000000000000_MAD_2009  |7 0  |8 A  |9 435043  |a BIBCUR  |b BIBCUR  |i 5262534  |l 7  |m 3  |o 576 MAD 2009  |p 5262534  |r 2025-04-22  |s 2025-03-13  |t 6  |w 2019-11-22  |y BK  |z Catalogado en:20160114  |k BIO 
952 |0 0  |1 0  |2 ddc  |3 erb  |4 0  |6 576_000000000000000_MAD_2009  |7 0  |8 A  |9 435044  |a BIBCUR  |b BIBCUR  |i 5262542  |l 18  |m 1  |o 576 MAD 2009  |p 5262542  |r 2025-04-22  |s 2025-04-21  |t 7  |w 2019-11-22  |y BK  |z Catalogado en:20160114  |k BIO 
952 |0 0  |1 0  |2 ddc  |3 erb  |4 0  |6 576_000000000000000_MAD_2009  |7 0  |8 A  |9 435045  |a BIBCUR  |b BIBCUR  |i 5262550  |l 17  |m 3  |o 576 MAD 2009  |p 5262550  |q 2025-04-24  |r 2025-04-22  |s 2025-04-17  |t 8  |w 2019-11-22  |y BK  |z Catalogado en:20160114  |k BIO 
952 |0 0  |1 0  |2 ddc  |3 erb  |4 0  |6 576_000000000000000_MAD_2009  |7 0  |8 A  |9 435046  |a BIBCUR  |b BIBCUR  |i 5359147  |l 16  |m 4  |o 576 MAD 2009  |p 5359147  |r 2025-04-22  |s 2025-03-14  |t 9  |w 2019-11-22  |y BK  |z Catalogado en:20170108  |k BIO